000 00547nam a2200229Ia 4500
003 OSt
005 20220924142248.0
006 a|||||r|||| 00| 0
007 ta
008 220923b |||||||| |||| 00| 0 ben d
024 _a301138
037 _cTextual
040 _aARTS
_cARTS
_bben
041 _2ben
_aben
082 _aY1:45:61, 157L5
100 _aBasu
_9154812
245 0 _aApradh aur apradhi
260 _c1975
650 _aSOCIOLOGY
942 _hY1:45:61, 157L5
_cTEXL
_2CC
999 _c450001
_d450001